La guerra de los quechuas con los Chancas / (Record no. 19672)

000 -CABECERA
fixed length control field 00727nam a22002057a 4500
003 - IDENTIFICADOR DEL NÚMERO DE CONTROL
control field AR-CdUCM
008 - DATOS DE LONGITUD FIJA--INFORMACIÓN GENERAL
fixed length control field 190520b ||||| |||| 00| 0 spa d
040 ## - FUENTE DE LA CATALOGACIÓN
Agencia/entidad que catalogó originalmente la obra MUNICIPALIDAD PROVINCIAL DEL CUSCO
Entidad que transcribió la catalogación BIBLIOTECA MUNICIPAL DEL CUSCO
082 ## - NÚMERO DE LA CLASIFICACIÓN DECIMAL DEWEY
No. de Clasificación 985.019 /
Notacion interna P26
100 ## - ENTRADA PRINCIPAL--NOMBRE DE PERSONA
Nombre Personal Pardo, Luis A.
245 ## - MENCIÓN DE TÍTULO
Título La guerra de los quechuas con los Chancas /
260 ## - PUBLICACIÓN, DISTRIBUCIÓN, ETC.
Lugar de publicación, distribución, etc. Lima :
Fecha de publicación, distribución, etc. 1969.
300 ## - DESCRIPCIÓN FÍSICA
Nº de Páginas Extensión 77 páginas ;
Otros detalles físicos Imágenes, láminas
Dimensiones 20 cm.
505 ## - NOTA DE CONTENIDO CON FORMATO
Nota de contenido formateada Contenido : Encumbramiento de los Incas -- Rebelión de los Chancas -- Civilización de los Chancas...
650 ## - PUNTO DE ACCESO ADICIONAL DE MATERIA--TÉRMINO DE MATERIA
Descriptor Los Incas
9 (RLIN) 1836
650 ## - PUNTO DE ACCESO ADICIONAL DE MATERIA--TÉRMINO DE MATERIA
Descriptor Civilización de los Chancas
9 (RLIN) 41152
650 ## - PUNTO DE ACCESO ADICIONAL DE MATERIA--TÉRMINO DE MATERIA
Descriptor Derrota de los Chancas
9 (RLIN) 41153
942 ## - ELEMENTOS DE PUNTO DE ACCESO ADICIONAL (KOHA)
Fuente de clasificación
Tipo de item Libros-BMC
945 ## - PROCESAMIENTO DE INFORMACIÓN LOCAL (OCLC)
Catalogador rcc
Holdings
Estado de retiro (separado) Fuente de clasificación o esquema de estanterías Estado dañado Ubicación Sala donde se ubica Nombre de la colección Fecha de adquisición o compra Costo, precio normal en soles Signatura topográfica Código de Barras Última vez visto (Koha) Tipo de ítem (Koha)
No     Sala Humanidades Sala Humanidades Book Cart 2019-05-20 15.00 985.019 / P26 SH0000014589 2019-05-20 Libros-BMC
No     Sala Humanidades Sala Humanidades Book Cart 2019-05-27 25.00 985.019 / P26 /e.2 SH0000015422 2019-05-27 Libros-BMC

Powered by Koha